00543nam a22001817a 450000500170000001000150001702000270003203500130005903700130007208200110008510000160009624500820011226000360019427000560023030000200028650000400030670000150034620150611150627.0 aENG-112953 c600.00 a9788192174334 aEN-96485 bDBAD/PUB a155.67 aLalitha, K. aMemory in old age :cby K.Lalitha [and] D. Jamuna bcan we improve it ... ? / aJaipurbManas Publishers c2012 bJaipure302006a91, Bhagwati Nagar IInd Kartarpur,  a202p.c23cm(Hb) aIncludes bibliographical references aJamuna, D.